000 00317nam a22001337a 4500
008 171025b xxu||||| |||| 00| 0 eng d
020 _a0716704676
041 _aeng
080 _26 ED
_a311
100 _a55
101 _aSTA
245 _aINTRODUCTION TO PROBABILITY AND STATISTICS
_cALDLER,R
942 _2udc
_cBK
999 _c35885
_d35885